Akta Distres 1951 (Akta 255) & Distress Act 1951 (Act 255) : (Hingga 10hb Februari 2001)

Bibliographic Details
Corporate Authors: Malaysia, International Law Book Services. Lembaga Penyelidikan Undang-Undang
Format: Book
Language:Malay
Published: Petaling Jaya : International Law Book Services 2001
Subjects:

MARC

LEADER 00000cam a2200000 7i4500
001 0000027448
005 20241118.0
008 170315 my # may
020 |a 9678904411 
040 |a INS   |b eng   |e rda 
090 0 0 |a KPG689.A311951   |b M4 2001 
110 1 |a Malaysia 
240 0 0 |a [Akta Distres 1951 (Akta 255)] 
245 1 0 |a Akta Distres 1951 (Akta 255) & Distress Act 1951 (Act 255) :   |b (Hingga 10hb Februari 2001)   |c disusun oleh Lembaga Penyelidikan Undang-Undang 
264 1 |a Petaling Jaya :   |b International Law Book Services   |c 2001 
300 |a 30 pages ;   |c 24 m. 
336 |a text  |2 rdacontent 
337 |a unmediated  |2 rdamedia 
338 |a volume  |2 rdacarrier 
650 0 |a Distress (Law)   |z Malaysia 
650 0 |a Landlord and tenant   |z Malaysia 
710 1 |a International Law Book Services. Lembaga Penyelidikan Undang-Undang 
740 0 |a Undang-Undang Malaysia 
999 |a 0000024495   |b BOOK   |c Open Shelf   |e Default branch